Systems analysis, planning and decision models (Record no. 80890)
[ view plain ]
| 000 -LEADER | |
|---|---|
| fixed length control field | 00705nam a2200157 a 4500 |
| 008 - FIXED-LENGTH DATA ELEMENTS--GENERAL INFORMATION | |
| fixed length control field | 120416s1976 ||||||||||||||||| || u |
| 050 ## - LIBRARY OF CONGRESS CALL NUMBER | |
| Classification number | UA 11 Bra |
| 100 ## - MAIN ENTRY--PERSONAL NAME | |
| Personal name | Brauers, Wim K.M |
| 245 10 - TITLE STATEMENT | |
| Title | Systems analysis, planning and decision models |
| 246 ## - | |
| -- | with special reference to national defence |
| 260 ## - PUBLICATION, DISTRIBUTION, ETC. | |
| Place of publication, distribution, etc. | Amsterdam |
| Name of publisher, distributor, etc. | Elsevier Pub |
| Date of publication, distribution, etc. | 1976 |
| 300 ## - PHYSICAL DESCRIPTION | |
| Extent | x, 167p. : ill |
| 350 ## - | |
| -- | 0.00 |
| 995 ## - | |
| -- | ANNEX COLLECTION (Main Library) |
| -- | 0.00 |
| -- | 705589 |
| -- | CBU-MAIN LIBRARY (Kitwe) |
| -- | 2 |
| -- | 0.00 |
| -- | UA 11 Bra |
| -- | 2 |
| -- | AVAILABLE |
| -- | 017911 |
| -- | Annex Low-Usage Collection |
| 995 ## - | |
| -- | ANNEX COLLECTION (Main Library) |
| -- | 0.00 |
| -- | 705588 |
| -- | CBU-MAIN LIBRARY (Kitwe) |
| -- | 1 |
| -- | 0.00 |
| -- | UA 11 Bra |
| -- | 1 |
| -- | AVAILABLE |
| -- | 017912 |
| -- | Annex Low-Usage Collection |
| 999 ## - | |
| -- | 80890 |
| -- | 80890 |
| Withdrawn status | Lost status | Source of classification or shelving scheme | Damaged status | Not for loan | Permanent Location | Current Location | Shelving location | Date acquired | Total Checkouts | Full call number | Barcode | Date last seen | Copy number | Price effective from | Koha item type |
|---|---|---|---|---|---|---|---|---|---|---|---|---|---|---|---|
| CBU-MAIN LIBRARY, KITWE. | CBU-MAIN LIBRARY, KITWE. | 07/11/2023 | UA 11 Bra | 017911 | 07/11/2023 | 1 | 07/11/2023 | MONOGRAPH | |||||||
| CBU-MAIN LIBRARY, KITWE. | CBU-MAIN LIBRARY, KITWE. | 07/11/2023 | UA 11 Bra | 017912 | 07/11/2023 | 2 | 07/11/2023 | MONOGRAPH |